|
|
|
|
| LEADER |
02460nam a2200661 i 4500 |
| 001 |
nkc20223426596 |
| 003 |
CZ PrNK |
| 005 |
20221124101926.0 |
| 007 |
ta |
| 008 |
220603s2021 xr e e 000 0dcze |
| 015 |
|
|
|a cnb003426596
|
| 020 |
|
|
|a 978-80-7101-201-6
|q (brožováno)
|
| 035 |
|
|
|a (OCoLC)1335743604
|
| 040 |
|
|
|a ABA001
|b cze
|e rda
|
| 041 |
0 |
|
|a cze
|b eng
|
| 043 |
|
|
|a e-xr---
|b e-xr-pg
|2 czenas
|
| 045 |
|
|
|a w9x3
|
| 072 |
|
7 |
|a 76
|x Grafické umění. Grafika
|2 Konspekt
|9 21
|
| 080 |
|
|
|a 72/76.071.1
|2 MRF
|
| 080 |
|
|
|a 659.133.1
|2 MRF
|
| 080 |
|
|
|a 766:655
|2 MRF
|
| 080 |
|
|
|a 72/76:069.5
|2 MRF
|
| 080 |
|
|
|a (437.3)
|2 MRF
|
| 080 |
|
|
|a (437.311)
|2 MRF
|
| 080 |
|
|
|a (031)
|2 MRF
|
| 080 |
|
|
|a (083.8)
|2 MRF
|
| 100 |
1 |
|
|a Štembera, Petr,
|d 1945-
|7 jn20000728722
|4 aut
|
| 245 |
1 |
0 |
|a Lexikon českých afišistů 1890-1938 :
|b slovník autorů plakátů působících v českých zemích v letech 1890-1938 /
|c Petr Štembera, Lucie Vlčková
|
| 264 |
|
1 |
|a V Praze :
|b Uměleckoprůmyslové museum v Praze,
|c 2021
|
| 300 |
|
|
|a 294 stran ;
|c 21 cm
|
| 336 |
|
|
|a text
|b txt
|2 rdacontent
|
| 337 |
|
|
|a bez média
|b n
|2 rdamedia
|
| 338 |
|
|
|a svazek
|b nc
|2 rdacarrier
|
| 504 |
|
|
|a Obsahuje bibliografické odkazy
|
| 546 |
|
|
|a Anglické resumé
|
| 610 |
2 |
7 |
|a Uměleckoprůmyslové museum (Praha, Česko)
|7 kn20010709113
|2 czenas
|
| 648 |
|
7 |
|a 19.-20. století
|7 ch757015
|2 czenas
|
| 648 |
|
4 |
|a 1890-1938
|
| 650 |
0 |
7 |
|a výtvarní umělci
|7 ph116709
|z Česko
|y 19.-20. století
|2 czenas
|
| 650 |
0 |
7 |
|a plakáty
|7 ph124084
|z Česko
|y 19.-20. století
|2 czenas
|
| 650 |
0 |
7 |
|a grafický design
|7 ph116550
|z Česko
|y 19.-20. století
|2 czenas
|
| 650 |
0 |
7 |
|a umělecké sbírky
|7 ph135222
|z Česko
|2 czenas
|
| 650 |
0 |
9 |
|a artists
|z Czechia
|y 19th-20th centuries
|2 eczenas
|
| 650 |
0 |
9 |
|a posters
|z Czechia
|y 19th-20th centuries
|2 eczenas
|
| 650 |
0 |
9 |
|a graphic design
|z Czechia
|y 19th-20th centuries
|2 eczenas
|
| 650 |
0 |
9 |
|a art collections
|z Czechia
|2 eczenas
|
| 651 |
|
7 |
|a Praha (Česko)
|7 ge118011
|2 czenas
|
| 651 |
|
9 |
|a Prague (Czechia)
|2 eczenas
|
| 655 |
|
7 |
|a slovníky
|7 fd133454
|2 czenas
|
| 655 |
|
7 |
|a soupisy
|7 fd133560
|2 czenas
|
| 655 |
|
9 |
|a dictionaries
|2 eczenas
|
| 655 |
|
9 |
|a inventories
|2 eczenas
|
| 700 |
1 |
|
|a Vlčková, Lucie,
|d 1975-
|7 xx0058649
|4 aut
|
| 910 |
2 |
|
|a BOA001
|b 2-1487.830
|
| 990 |
|
|
|a BK
|
| 995 |
|
|
|a 01
|
| 991 |
|
|
|b 202207
|c NOV
|
| 996 |
6 |
|
|b 2610906849
|c 2-1487.830
|l MZK
|r Sklad / do 1 hodiny
|n 3
|p p.v.
|w 001890714
|u 000010
|a 1
|e BOA001
|j MZK50
|s P
|